000 00581cam a2200193ua 4500
005 20260515114824.0
008 191207n xxk |||gr||||Z||||||eng
020 _a9781846813993
040 _cMAIN
_aIN-DiNC
041 _deng
082 _a623.7464
_bCRO
100 _aCrosby, Francis
_eauthor
245 _aFighter Aircraft :
_bfeaturing photographs from the imperial war museum /
_cBy Francis Crosby .
260 _aLondon:
_bHermes house,
_bAnnes publishing limited
_c2008.
300 _a256p.
650 _aFighter planes
653 _aMilitary science
942 _cBK
_2ddc
999 _c10745
_d10745